书目信息 |
| 题名: |
农业科技园区建设评价与实践
|
|
| 作者: | 何伟 著 | |
| 分册: | ||
| 出版信息: | 北京 光明日报出版社 2011.11 |
|
| 页数: | 226页 | |
| 开本: | 24cm | |
| 丛书名: | 高校学术研究书系 | |
| 单 册: | ||
| 中图分类: | F323.1 | |
| 科图分类: | ||
| 主题词: | 农业园区--研究--中国 , 农业园区 | |
| 电子资源: | ||
| ISBN: | 978-7-5112-1669-4 | |
| 000 | 01064oam2 2200277 45 | |
| 001 | 1356826203 | |
| 005 | 20130515093025.53 | |
| 010 | @a978-7-5112-1669-4@dCNY45.00 | |
| 100 | @a20130108d2011 em y0chiy50 ea | |
| 101 | 0 | @achi |
| 102 | @aCN@b110000 | |
| 105 | @ay z 000yy | |
| 106 | @ar | |
| 200 | 1 | @a农业科技园区建设评价与实践@ANong Ye Ke Ji Yuan Qu Jian She Ping Jia Yu Shi Jian@f何伟著@FHe Wei Zhu |
| 210 | @a北京@c光明日报出版社@d2011.11 | |
| 215 | @a226页@d24cm | |
| 225 | 2 | @a高校学术研究书系 |
| 300 | @a淮阴师范学院2008年博士基金项目《苏北社会主义新农村建设模式研究》(08HSBSS02)的资助 | |
| 330 | @a本书分为上、下两篇。上篇是博士后研究报告,主要内容包括:农业科技园区研究背景与意义、建设理论与政策支持、我国农业科技园区建设现状分析等。下篇为案例分析:介绍作者主持的一个以生态农业休闲为主的旅游度假区概念性规划。 | |
| 461 | 0 | @12001 @a高校学术研究书系 |
| 606 | 0 | @a农业园区@x研究@y中国 |
| 606 | 0 | @a农业园区 |
| 690 | @aF323.1@v5 | |
| 701 | 0 | @a何伟@AHe Wei@4著 |
| 801 | @aCN@bTANGWEI@c20130108 | |
| 905 | @b0830096-100@dF323.1@e140@f5 | |
| 农业科技园区建设评价与实践/何伟著.-北京:光明日报出版社,2011.11 |
| 226页;24cm.-(高校学术研究书系) |
| 淮阴师范学院2008年博士基金项目《苏北社会主义新农村建设模式研究》(08HSBSS02)的资助 |
| ISBN 978-7-5112-1669-4:CNY45.00 |
| 本书分为上、下两篇。上篇是博士后研究报告,主要内容包括:农业科技园区研究背景与意义、建设理论与政策支持、我国农业科技园区建设现状分析等。下篇为案例分析:介绍作者主持的一个以生态农业休闲为主的旅游度假区概念性规划。 |
| ● |
| 相关链接 |
|
|
|
|
正题名:农业科技园区建设评价与实践
索取号:F323.1/140
 
预约/预借
| 序号 | 登录号 | 条形码 | 馆藏地/架位号 | 状态 | 备注 |
| 1 | 0830096 | 208300961 | 第一样本阅览室/ [索取号:F323.1/140] | 在馆 | |
| 2 | 0830097 | 208300970 | 第一借阅区/ [索取号:F323.1/140] | 在馆 | |
| 3 | 0830098 | 208300989 | 第一借阅区/ [索取号:F323.1/140] | 在馆 | |
| 4 | 0830099 | 208300998 | 第一借阅区/ [索取号:F323.1/140] | 在馆 | |
| 5 | 0830100 | 208301005 | 第一借阅区/ [索取号:F323.1/140] | 在馆 |